Statistics for Languages of Albania Quiz (with map)

Click here to take the quiz!

General Stats

  • This quiz has been taken 1,415 times
  • The average score is 4 of 6

Answers on the Map

Answers color-coded by a green-red scale on the quiz's map according to % correct below.
 

Answer Stats

Answer% Correct
Albanian
99%
Greek
95%
Macedonian
85%
Montenegrin
70%
Aromanian
43%
Gorani
33%

Score Distribution

Percentile by Number Answered

Percent of People with Each Score

Your Score History

You have not taken this quiz